Ley hipotecaria (Record no. 154638)
[ view plain ]
| 000 -LEADER | |
|---|---|
| campo de control de longitud fija | 00833nam a22001815i 4500 |
| 001 - NÚMERO DE CONTROL | |
| campo de control | 154638 |
| 003 - IDENTIFICADOR DE NÚMERO DE CONTROL | |
| campo de control | ES-MaACL |
| 005 - FECHA Y HORA DE LA ÚLTIMA TRANSACCIÓN | |
| campo de control | 20251003063134.0 |
| 008 - DATOS DE LONGITUD FIJA--INFORMACIÓN GENERAL | |
| campo de control de longitud fija | 961110s1861 sp |||| | spa d |
| 040 ## - FUENTE DE CATALOGACIÓN | |
| Centro catalogador/agencia de origen | AS |
| Lengua de catalogación | spa |
| Centro/agencia transcriptor | CCPB | SIC |
| 100 1# - ENTRADA PRINCIPAL--NOMBRE DE PERSONA | |
| Nombre de persona | Casas y Quijano, José Gonzalo de las, |
| Fechas asociadas al nombre | 1826-1894 |
| 9 (RLIN) | 127392 |
| 245 10 - MENCIÓN DEL TÍTULO | |
| Título | Ley hipotecaria |
| Resto del título | : comentarios, formularios y concordancias con los códigos estranjeros / |
| Mención de responsabilidad, etc. | por José Gonzalo de las Casas ; con la cooperación de distinguidos jurisconsultos y notarios españoles, para la aplicación práctica de la misma. |
| 260 ## - PUBLICACIÓN, DISTRIBUCIÓN, ETC. | |
| Lugar de publicación, distribución, etc. | Madrid : |
| Nombre del editor, distribuidor, etc. | Centro del Notariado, |
| Fecha de publicación, distribución, etc. | 1861 ( |
| Fabricante | Imprenta de Ramón Campuzano) |
| 300 ## - DESCRIPCIÓN FÍSICA | |
| Extensión | CXXVI, 816 p. ; |
| Dimensiones | 25 cm. |
| 500 #1 - NOTA GENERAL | |
| Nota general | En port. "Publicacion del Centro del Notariado" |
| 852 ## - LOCALIZACIÓN | |
| Ubicación | ES-MaACL |
| Número de control de estantería | D-3407 |
| Nota libre | -- Enc. hol. |
| Estatus retirado | Estado de pérdida | Estado de daño | No para préstamo | Colección | Biblioteca de origen | Biblioteca actual | Ubicación en estantería | Fecha de adquisición | Fuente de adquisición | Total de préstamos | Signatura topográfica completa | Código de barras | Visto por última vez | Precio de reemplazo | Tipo de ítem Koha |
|---|---|---|---|---|---|---|---|---|---|---|---|---|---|---|---|
| Libros del s. XIX | Biblioteca del Ateneo de Madrid | Biblioteca del Ateneo de Madrid | Sala Valle Inclán | 17/01/2008 | D-3407 | 901161738 | 23/02/2023 | 23/02/2023 | Libro impreso antiguo |
